The end of the war ; Europe: April 15-May 23, 1945.

Bibliographic Details
Main Author: Whiting, Charles, 1926-2007
Format: Book
Language:English
Published: New York : Stein and Day, [1973]
Subjects:

MARC

Tag First Indicator Second Indicator Subfields
LEADER 00000cam a2200000 4500
001 in00000099346
005 20150926125602.0
008 740201s1973 nyua b 00000 eng
010 |a  73079132  
020 |a 0812816056  |c $8.95 
035 |a (OCoLC)00810423 
035 |9 AAL3767AM 
040 |a DLC  |c DLC  |d TXA  |d UtOrBLW 
043 |a e-gx--- 
049 |a TXAM  |c [1405360]  |a TXAS [mil] 
050 0 0 |a D755.7  |b .W46 
082 0 |a 940.54/21 
100 1 |a Whiting, Charles,  |d 1926-2007. 
245 1 4 |a The end of the war ;  |b Europe: April 15-May 23, 1945. 
264 1 |a New York :  |b Stein and Day,  |c [1973] 
264 4 |c [©1973] 
300 |a 178 pages :  |b illustrations ;  |c 25 cm. 
336 |a text  |b txt  |2 rdacontent 
337 |a unmediated  |b n  |2 rdamedia 
338 |a volume  |b nc  |2 rdacarrier 
504 |a Bibliography: pages 177-178. 
650 0 |a World War, 1939-1945  |x Campaigns  |z Germany. 
999 |a MARS 
999 f f |s 6c64e9bd-e178-37fb-82ec-f05b81a102a4  |i 777c05e6-0e5d-37ed-9bd1-a311874da21a  |t 0 
952 f f |p ric  |a Texas A&M University  |b Rellis Campus  |c Joint Library Facility  |d Remote Storage  |t 0  |e D755.7 .W46  |h Library of Congress classification  |i unmediated -- volume  |m A14801889933 
952 f f |p noncirc  |a Texas A&M University  |b College Station  |c Cushing Memorial Library & Archives  |d Cushing: Ragan Military (Does not check out)  |t 0  |e D755.7 .W46  |h Library of Congress classification  |i unmediated -- volume  |m A14852157362 
998 f f |a D755.7 .W46  |t 0  |l Cushing: Ragan Military (Does not check out) 
998 f f |a D755.7 .W46  |t 0  |l Remote Storage